| 000 | 00951nam a22002777a 4500 | ||
|---|---|---|---|
| 999 |
_c43 _d43 |
||
| 001 | 5324 | ||
| 003 | BD-DhUAP | ||
| 005 | 20200116095808.0 | ||
| 008 | 200116s2001 inua 001 0 eng | ||
| 020 | _a0672321351 (pbk.) | ||
| 020 | _a8176355380 | ||
| 040 |
_aDLC _cDLC _dBD-DhUAP _bEng |
||
| 042 | _apcc | ||
| 082 | 0 | 0 |
_223 _a005.133 FEN |
| 100 | 1 | _aFeng, Yu. | |
| 245 | 1 | 0 |
_aWireless Java programming with Java 2 Micro Edition / _cYu Feng and Jun Zhu. |
| 260 |
_aNew Delhi : _bTechmedia, _cc2001. |
||
| 300 |
_aix, 496 pages : _billustrations ; _c23 cm. |
||
| 500 | _aIncludes index. | ||
| 650 | 0 | _aJava (Computer program language) | |
| 650 | 0 | _aWireless communication systems. | |
| 650 | 0 |
_aEmbedded computer systems _xProgramming. |
|
| 700 | 1 | _aZhu, Jun. | |
| 942 |
_2ddc _cBK |
||